Star Wars Max Rebo Band by Image - Statistics

General Stats
  • This quiz has been taken 19 times
  • The average score is 4 of 12
Answer Stats
Picture Answer % Correct
Max Rebo
100%
Sy Snootles
72%
Droopy McCool
67%
Joh Yowza
33%
Lyn Me
28%
Barquin D'an
22%
Greeata Jendowanian
22%
Rappertunie
22%
Rystáll Sant
22%
Ak-Rev
11%
Doda Bodonawieedo
11%
Umpass-Stay
11%
No matching quizzes found
Score Distribution
Percent of People with Each Score
Percentile by Number Answered
Your Score History
You have not taken this quiz